000 01097nam a2200301Ia 4500
003 OSt
005 20221007121900.0
006 a|||||r|||| 00| 0
007 ta
008 221006b |||||||| |||| 00| 0 eng d
020 _a0126887217 (hbd)
_c
_ 99.50
024 _a11666
037 _bApple,
_cTextual
040 _aBDL
_cBDL
_beng
041 _2eng
_aeng
082 _aJ:(G:F), P2
100 _aThomas John A Ed
_9578310
245 0 _aBiotechnology and saftey assessment by John A Thomas and Roy L Fuchs
_b Fuchs Roy L Ed
250 _aEd 3
260 _aAmsterdam
_bAcademic Press
_c2002
300 _axv, 487p
_ccm.
500 _aIncludes bibliographical references; Index 467-487p; ^n23/CSL/CARB/2003-2004/1229^d2004-01-29^mPurchase; ; 2003-04/775^b2004-02-23^c146/2003-2004^d2004-02-12^eRs.16,399.80^fApple Books; ; 2004-04-06^bSB^c2004-04-06^dVinay
650 _a Biotechnology
650 _aAgriculture
700 _a Fuchs Roy L Ed
_9578311
942 _hJ:(G:F), P2
_cTEXL
_2CC
999 _c1209479
_d1209479